Statistics for French Food

Click here to take the quiz!

General Stats

  • This quiz has been taken 58 times
  • The average score is 8 of 16

Answer Stats

Answer% Correct
crêpes
94%
quiche lorraine
83%
baguette
79%
crème brulée
77%
camembert
75%
escargot
71%
croque monsieur
56%
foie gras
44%
raclette
44%
cassoulet
35%
saucisson
35%
cuisses de grenouille
31%
galette
31%
boeuf bourguignon
21%
soupe à l'oignon
21%
pot au feu
19%

Score Distribution

Percentile by Number Answered

Percent of People with Each Score

Your Score History

You have not taken this quiz